LEADER 01095nam a2200241 i 4500 001 000000222595 003 CaOOAMICUS 005 20130920000000.0 008 130920s2003 it u000 u ita u 013 $a201492 040 $aSeMil$bita 245 10$a[Andiamo a Gesł per mezzo di Maria :$banno del Rosario, S. Natale 2003]. 260 $aCaronno Pertusella :$b[s.n.],$c2003. 300 $a23 p. ;$c21 cm. 490 0 $aI quaderni colombiani ;$v21 650 4$aNatale - Meditazioni.$0(OLS)http://semarc/subject/7608 650 4$aColombo, Giovanni - Scritti, discorsi, omelie, lettere pastorali, etc.$0(OLS)http://semarc/subject/5920 830 2$aI quaderni colombiani ;$v21.$0(OLS)http://semarc/title/21284 850 $aSeMil 852 $aSeMil$W1$xVenegono$y1$m5B III 23/21$j172941$B172941$CSeMilBibl$Z2$F183263 $81 961 $aRecupero: Altro 996 $6245$a[Andiamo a Gesł per mezzo di Maria :$banno del Rosario, S. Natale 2003]$9(OLS)http://semarc/title/319116 996 $6260$aCaronno Pertusella :$b[s.n.]$9(OLS)http://semarc/publisher/37886 LEADER 00884nam a2200229 i 4500 001 000000048377 003 CaOOAMICUS 005 20130404000000.0 008 130404s1964 it u000 u ita u 013 $a19547 040 $aSeMil$bita 100 1 $aMubarak, Yuwakim <1924-1995>.$0(OLS)http://semarc/name/422 240 13$aLe Credo.$0(OLS)http://semarc/title/73195 245 13$aIl Credo /$cdi Y. Moubarac ; traduzione di Guido Domenicali. 300 $a170 p. 650 4$aCatechismo della Chiesa Cattolica.$0(OLS)http://semarc/subject/12084 700 1 $aDomenicali, Guido.$0(OLS)http://semarc/name/11151 773 0 $tCatechismo per adulti.$dTorino : Borla, 1964-1966.$gVolume1$w()582 850 $aSeMil 852 $aSeMil$W1$xVenegono$y1$m2M I 70$j14532$B14532$CSeMilBibl$Z2$F14532 $81 961 $aOmaggio: Deposito 996 $6245$aIl Credo$9(OLS)http://semarc/title/12450